Ensayo de los métodos fotogramétricos en el término municipal de Otero de Herreros (Provincia de Segovia) / (Record no. 66242)

MARC details
000 -LEADER
campo de control de longitud fija 00666nam a2200169 i 4500
001 - NÚMERO DE CONTROL
campo de control 66242
003 - IDENTIFICADOR DE NÚMERO DE CONTROL
campo de control ES-MaACL
005 - FECHA Y HORA DE LA ÚLTIMA TRANSACCIÓN
campo de control 20230906165558.0
007 - CAMPO FIJO DE DESCRIPCIÓN FÍSICA--INFORMACIÓN GENERAL
campo de control de longitud fija t|
008 - DATOS DE LONGITUD FIJA--INFORMACIÓN GENERAL
campo de control de longitud fija 040129s1908 sp ||||1| spa d
100 1# - ENTRADA PRINCIPAL--NOMBRE DE PERSONA
Nombre de persona Galbis y Rodríguez, José.
9 (RLIN) 53343
245 10 - MENCIÓN DEL TÍTULO
Título Ensayo de los métodos fotogramétricos en el término municipal de Otero de Herreros (Provincia de Segovia) /
Mención de responsabilidad, etc. por José Galbis y Rodríguez.
260 ## - PUBLICACIÓN, DISTRIBUCIÓN, ETC.
Lugar de publicación, distribución, etc. Madrid :
Nombre del editor, distribuidor, etc. [s.n.],
Fecha de publicación, distribución, etc. 1908 (
Fabricante Imp. del Instituto Geográfico y Estadístico)
300 ## - DESCRIPCIÓN FÍSICA
Extensión 106 p., 12 lám. ;
Dimensiones 27 cm.
594 ## - Nota al título y mención de responsabilidad
Nota al título y mención de responsabilidad Precede al tít.: Dirección general de Instituto Geográfico y Estadistico.
852 ## - LOCALIZACIÓN
Ubicación ES-MaACL
Número de control de estantería 1699-F-3
Holdings
Estatus retirado Estado de pérdida Estado de daño No para préstamo Colección Biblioteca de origen Biblioteca actual Ubicación en estantería Fecha de adquisición Fuente de adquisición Total de préstamos Signatura topográfica completa Código de barras Visto por última vez Precio de reemplazo Tipo de ítem Koha
        Colección de folletos Biblioteca del Ateneo de Madrid Biblioteca del Ateneo de Madrid Depósito folletos 17/01/2008     1699-F-3 1069400 23/02/2023 23/02/2023 Folleto